[Event "AUTO-OPEN-3115"]
[Site "http://www.queenalice.com/game.php?id=1295317"]
[Date "2014.7.16"]
[Round "2"]
[White "goldenboy"]
[Black "Luke2015"]
[Result "0-1"]
[WhiteElo "2115"]
[BlackElo "2455"]

1. e4 g6 2. d4 Bg7 3. Nf3 d6 4. c3 Nf6 5. Bd3 O-O 6. O-O c5 7. dxc5 dxc5 8. Bg5
Nc6 9. Re1 Bg4 10. Bxf6 Bxf6 11. Bc2 Qb6 12. b3 Ne5 13. Qe2 Bg5 14. h3 Bxf3 15.
gxf3 Rad8 16. Rd1 Rxd1+ 17. Qxd1 Rd8 18. Qe2 Qf6 19. Kg2 Bf4 20. Bd1 Rd3 21. Bc2
Qg5+ 22. Kf1 Rxf3 23. Nd2 Rxh3 24. Ke1 Bxd2+ 0-1

[Event "AUTO-OPEN-3102"]
[Site "http://www.queenalice.com/game.php?id=1303812"]
[Date "2014.8.24"]
[Round "3"]
[White "vult0"]
[Black "Luke2015"]
[Result "0-1"]
[WhiteElo "2354"]
[BlackElo "2456"]

1. d4 g6 2. c4 Bg7 3. Nc3 d6 4. Nf3 Nf6 5. e4 O-O 6. Bd3 e5 7. dxe5 dxe5 8. Bg5
h6 9. Be3 Re8 10. O-O Nc6 11. Nd5 Bg4 12. Qb3 Bxf3 13. Nxf6+ Qxf6 14. gxf3 Nd4
15. Bxd4 exd4 16. Rfe1 Re5 17. Qxb7 Rg5+ 0-1

[Event "AUTO-OPEN-3102"]
[Site "http://www.queenalice.com/game.php?id=1303813"]
[Date "2014.8.24"]
[Round "3"]
[White "Luke2015"]
[Black "vult0"]
[Result "1-0"]
[WhiteElo "2450"]
[BlackElo "2363"]

1. g4 d5 2. Bg2 c5 3. c4 Bxg4 4. cxd5 Qd6 5. Qb3 b6 6. Na3 Bd7 7. d3 Nh6 8. Nf3
Nf5 9. Bd2 Qg6 10. Nb5 Qxg2 11. Rg1 Qh3 12. Nc7+ Kd8 13. Nxa8 e6 14. Nxb6 Nd4
15. Nxd4 cxd4 16. Ba5 1-0

[Event "Challenge"]
[Site "http://www.queenalice.com/game.php?id=1304231"]
[Date "2014.8.26"]
[Round "-"]
[White "Luc_2010"]
[Black "Luke2015"]
[Result "0-1"]
[WhiteElo "2366"]
[BlackElo "2448"]

1. g4 d6 2. Bg2 Bxg4 3. h3 Be6 4. c4 d5 5. cxd5 Bxd5 6. Bxd5 Qxd5 7. f3 Nf6 8.
Qa4+ c6 9. e4 b5 10. Qd1 Nxe4 11. fxe4 Qxe4+ 12. Ne2 Qxh1+ 0-1

[Event "AUTO-OPEN-3115"]
[Site "http://www.queenalice.com/game.php?id=1307313"]
[Date "2014.9.10"]
[Round "3"]
[White "MarTraM"]
[Black "Luke2015"]
[Result "0-1"]
[WhiteElo "2455"]
[BlackElo "2473"]

1. d4 g6 2. c4 Bg7 3. e4 d6 4. Nc3 Nf6 5. Bd3 O-O 6. Nge2 e5 7. d5 Nbd7 8. Bc2
Nb6 9. b3 Nh5 10. O-O Nf4 11. Nxf4 exf4 12. Qf3 f5 13. Bxf4 fxe4 14. Nxe4 Bxa1
15. Rxa1 Bf5 16. Bh6 Bxe4 17. Qxe4 Qf6 18. Rf1 Rae8 19. Qd3 Rf7 20. Be3 Nd7 21.
Qd2 Nc5 22. Bxc5 dxc5 23. f3 Qb2 24. Rd1 Kg7 25. Be4 Qxd2 26. Rxd2 Rf6 27. Re2
Ra6 28. h4 Re7 29. Kf2 Rb6 30. g4 a5 31. Re3 Ra6 32. Bc2 Rxe3 33. Kxe3 Rb6 34.
f4 a4 35. g5 a3 36. Kd2 Rb4 37. Kc3 Kf7 38. Bd1 b5 39. Be2 Ke7 40. Bd3 bxc4 41.
Bxc4 Kd6 42. Kd2 Rb8 43. f5 gxf5 44. Kc3 f4 45. Kd2 Re8 46. Bd3 f3 47. h5 Re5
48. g6 hxg6 49. hxg6 Ke7 50. g7 Kf7 51. g8=Q+ Kxg8 52. Bb5 Kg7 53. Bf1 f2 0-1

[Event "AUTO-OPEN-3121"]
[Site "http://www.queenalice.com/game.php?id=1315848"]
[Date "2014.10.17"]
[Round "3"]
[White "Luke2015"]
[Black "artur59"]
[Result "0-1"]
[WhiteElo "2487"]
[BlackElo "2667"]

1. g4 d5 2. Bg2 Bxg4 3. c4 c6 4. Qb3 e6 5. cxd5 exd5 6. Qxb7 Nd7 7. Nc3 Rc8 8.
d4 Bd6 9. e4 Ne7 10. h3 Be6 11. e5 Bc7 12. Nf3 O-O 13. O-O f6 14. exf6 Nxf6 15.
Re1 Ne4 16. Nxe4 dxe4 17. Ng5 Bd5 18. Nxe4 Qd7 19. Qa6 Nf5 20. Qd3 Nh4 21. Ng5
g6 22. Bxd5+ cxd5 23. f4 Bxf4 24. Bxf4 Rxf4 25. Qg3 Qd6 26. Re5 Qf6 27. Re3 Rf8
28. Kh1 Qxd4 29. Rae1 Rf1+ 0-1

[Event "AUTO-OPEN-3121"]
[Site "http://www.queenalice.com/game.php?id=1315849"]
[Date "2014.10.17"]
[Round "3"]
[White "artur59"]
[Black "Luke2015"]
[Result "1-0"]
[WhiteElo "2709"]
[BlackElo "2487"]

1. d4 g6 2. c4 Bg7 3. Nc3 d6 4. e4 Nf6 5. f3 O-O 6. Be3 Nc6 7. Nge2 Bd7 8. Qd2
a6 9. Nc1 Nh5 10. Nb3 a5 11. g4 a4 12. d5 Ne5 13. Nd4 Nf6 14. Be2 a3 15. b4 c5
16. dxc6 Nxc6 17. Rb1 Ne5 18. Rd1 b6 19. g5 Nh5 20. f4 Ng4 21. f5 Ne5 22. Ndb5
Rc8 23. Nxa3 f6 24. Nd5 fxg5 25. Bxh5 gxh5 26. O-O Bc6 27. Bxg5 Bxd5 28. Qxd5+
Kh8 29. Kh1 Qd7 30. c5 bxc5 31. bxc5 Rxc5 32. Qxc5 dxc5 33. Rxd7 Nxd7 34. Bxe7
Re8 35. f6 Bf8 36. Bxf8 Nxf8 37. Re1 Nd7 38. Nc4 Nxf6 39. e5 Nd5 40. a4 Kg7 41.
Rd1 Nb4 42. a5 Kf8 43. Kg2 Ke7 44. Rd6 Rg8+ 45. Kf3 Rg6 46. Rxg6 hxg6 47. h4 Kf7
48. Ke4 Ke7 49. Nb2 Na6 50. Kd5 g5 51. hxg5 h4 52. Nd1 h3 53. g6 Nb4+ 54. Kc4 h2
55. Nf2 Na6 56. Nh1 Ke6 57. Ng3 1-0

[Event "AUTO-MASTER-2088"]
[Site "http://www.queenalice.com/game.php?id=1316204"]
[Date "2014.10.18"]
[Round "2"]
[White "Luke2015"]
[Black "expectnomercy"]
[Result "1-0"]
[WhiteElo "2485"]
[BlackElo "2197"]

1. g4 d5 2. Bg2 Bxg4 3. c4 c6 4. Qb3 Qc7 5. cxd5 Nf6 6. Nf3 cxd5 7. Nc3 e6 8.
Nb5 Qb6 9. Nbd4 Bc5 10. Qxb6 Bxb6 11. b3 O-O 12. Bb2 Nbd7 13. O-O Ne4 14. d3
Nef6 15. Rfc1 a6 16. b4 Rac8 17. Nb3 Rc7 18. Rxc7 Bxc7 19. Rc1 Bd6 20. a3 e5 21.
e3 Re8 22. h3 Bf5 23. Bf1 h6 24. Kg2 Kf8 25. Ne1 Rb8 26. Nf3 Ke8 27. Nc5 Kd8 28.
Be2 Bh7 29. d4 e4 30. Ne5 Ke7 31. a4 Bf5 32. a5 Nf8 33. Bxa6 bxa6 34. Nc6+ Ke8
35. Nxb8 Bxb8 36. Nxa6 Bd6 37. b5 Kd8 38. Nc5 N8d7 39. Nb7+ Ke7 40. Nxd6 Kxd6
41. Ba3+ Ke6 42. Rc6# 1-0

[Event "AUTO-MASTER-2088"]
[Site "http://www.queenalice.com/game.php?id=1316205"]
[Date "2014.10.18"]
[Round "2"]
[White "expectnomercy"]
[Black "Luke2015"]
[Result "0-1"]
[WhiteElo "2201"]
[BlackElo "2483"]

1. e4 g6 2. d4 Bg7 3. c4 d6 4. Nc3 Nf6 5. Nf3 O-O 6. g3 e5 7. Bg2 exd4 8. Nxd4
Nc6 9. Nxc6 bxc6 10. O-O Nd7 11. Qc2 a5 12. Bf4 Qe7 13. Rad1 Rb8 14. b3 Nc5 15.
Rfe1 Bg4 16. Rd2 Rfe8 17. f3 Bd7 18. Be3 a4 19. Bxc5 axb3 20. axb3 dxc5 21. Ne2
Red8 22. Red1 Be6 23. f4 Rxd2 24. Rxd2 Bg4 25. e5 f6 26. exf6 Qe3+ 27. Kf1 Bxf6
28. Rd3 Qe6 29. Rd2 Bf5 30. Qa2 Re8 31. Rd1 Bg4 32. Rd2 Qe3 33. Bxc6 Bh3+ 34.
Bg2 Qf3+ 0-1

[Event "AUTO-MASTER-2088"]
[Site "http://www.queenalice.com/game.php?id=1316206"]
[Date "2014.10.18"]
[Round "2"]
[White "Luke2015"]
[Black "CCapivara"]
[Result "1-0"]
[WhiteElo "2469"]
[BlackElo "2152"]

1. c4 e5 2. Nc3 f5 3. e3 Nf6 4. d4 e4 5. Nh3 d5 6. Qb3 c6 7. cxd5 cxd5 8. Nf4
Nc6 9. Ncxd5 Nxd5 10. Nxd5 Be6 11. Nc7+ Qxc7 12. Qxe6+ Qe7 13. Qxf5 1-0

[Event "AUTO-MASTER-2088"]
[Site "http://www.queenalice.com/game.php?id=1316207"]
[Date "2014.10.18"]
[Round "2"]
[White "CCapivara"]
[Black "Luke2015"]
[Result "0-1"]
[WhiteElo "2139"]
[BlackElo "2472"]

1. e4 g6 2. d4 Bg7 3. c4 d6 4. Nc3 Nf6 5. f3 O-O 6. Be3 Nc6 7. Qd2 a6 8. O-O-O
a5 9. g4 a4 10. h4 e5 11. Nge2 Na5 12. Ng3 exd4 13. Bxd4 Nc6 14. Be3 a3 15. b3
Nxg4 16. fxg4 Qf6 17. e5 Qxe5 18. Nge2 Bxg4 19. Bh6 Bxh6 20. Qxh6 Bxe2 21. Qd2
Bxd1 22. Kxd1 Nb4 23. h5 Rae8 24. hxg6 fxg6 25. Bg2 Rf4 26. Kc1 Rf2 27. Qxf2
Qxc3+ 28. Kb1 Nd3 29. Bd5+ Kh8 30. Qh2 Re1+ 31. Rxe1 Qxe1+ 0-1

[Event "AUTO-MASTER-2110"]
[Site "http://www.queenalice.com/game.php?id=1320543"]
[Date "2014.11.5"]
[Round "2"]
[White "Luke2015"]
[Black "zaccho"]
[Result "1-0"]
[WhiteElo "2485"]
[BlackElo "2171"]

1. Nh3 e5 2. d4 exd4 3. Qxd4 Nc6 4. Qd1 Nf6 5. g3 d5 6. Bg2 Ne5 7. Nf4 c6 8. O-O
Bd6 9. Nd3 O-O 10. Nxe5 Bxe5 11. Nd2 Qb6 12. c4 Bf5 13. cxd5 cxd5 14. Qb3 Qxb3
15. axb3 Bd4 16. Nf3 Bc5 17. Bg5 Ne4 18. Be3 Bxe3 19. fxe3 a6 20. Nd4 Bg6 21.
Ra5 Rfd8 22. Rfa1 Rac8 23. b4 Rc7 24. b5 axb5 25. Rxb5 h5 26. Rb6 Re8 27. Rb5
Rd8 28. Bf3 Nf6 29. Rb6 Re8 30. Kf2 Ng4+ 31. Bxg4 hxg4 32. Nb5 Rce7 33. Nc3 Rxe3
34. Ra4 R3e6 35. Rxe6 fxe6 36. Rxg4 Kf7 37. Rb4 Re7 38. Rb6 Bc2 39. g4 Ke8 40.
Ke3 Kd8 41. Kd4 Kc7 42. Kc5 Kd8 43. Rb4 Bh7 44. Kd6 Bg8 45. Ra4 Rd7+ 46. Ke5 Ke7
47. h4 Rc7 48. Rb4 Kd7 49. h5 Kc8 50. Nb5 Rd7 51. Nd6+ Kb8 52. g5 Ka7 53. e3 b6
54. Nc8+ Kb8 55. Nxb6 Rb7 56. Nd7+ Kc8 57. Rxb7 Kxb7 58. Nc5+ Kb6 59. Nd7+ Kb5
60. Nf8 Kb4 61. g6 Kc4 62. Nxe6 Bxe6 63. b3+ Kxb3 64. Kxe6 Kc2 65. Kxd5 Kd2 66.
Kd4 Ke2 67. h6 gxh6 68. g7 h5 69. g8=Q Kf3 70. Qf7+ Kg4 71. Ke4 h4 72. Qg6+ Kh3
73. Kf3 1-0

[Event "AUTO-MASTER-2110"]
[Site "http://www.queenalice.com/game.php?id=1320544"]
[Date "2014.11.5"]
[Round "2"]
[White "zaccho"]
[Black "Luke2015"]
[Result "0-1"]
[WhiteElo "2168"]
[BlackElo "2483"]

1. d4 g6 2. c4 Bg7 3. Nc3 d6 4. e4 Nf6 5. Nf3 O-O 6. Be2 c5 7. d5 e6 8. O-O exd5
9. cxd5 Re8 10. Nd2 Na6 11. f3 Nc7 12. a4 Nd7 13. Kh1 Qe7 14. Nc4 Ne5 15. Bf4
Nxc4 16. Bxc4 Rb8 17. Qe1 Bf6 18. Bb5 Rd8 19. Be2 Bd7 20. Qg3 Ne8 21. h3 h5 22.
Be3 h4 23. Qf2 Ng7 24. Bb5 a6 25. Bxd7 Qxd7 26. Rfc1 Nh5 27. Kg1 Re8 28. Qd2 b5
29. axb5 axb5 30. Ne2 Ra8 31. Bh6 b4 32. Be3 Qb5 33. Bf2 b3 34. Rxa8 Rxa8 35.
Rb1 Ra2 36. f4 Qc4 37. e5 dxe5 38. fxe5 Bxe5 39. Nc3 Nf4 40. Nxa2 bxa2 41. Rd1
Qa4 42. b3 Qa8 43. Bxh4 c4 44. bxc4 a1=Q 45. Rxa1 Qxa1+ 46. Qe1 Qa2 47. Bf2 Nd3
48. d6 Nxe1 49. d7 Qd2 50. c5 Qxd7 51. Bxe1 Qd1 52. Kf1 Bg3 53. c6 Qxe1# 0-1

[Event "AUTO-MASTER-2110"]
[Site "http://www.queenalice.com/game.php?id=1320545"]
[Date "2014.11.5"]
[Round "2"]
[White "Luke2015"]
[Black "Tromat"]
[Result "1-0"]
[WhiteElo "2477"]
[BlackElo "2499"]

1. c4 e5 2. Nc3 f5 3. e3 Nf6 4. d4 e4 5. Be2 g6 6. Bd2 Bg7 7. Nh3 O-O 8. Nf4 c6
9. h4 Na6 10. h5 g5 11. h6 gxf4 12. hxg7 Rf7 13. d5 Rxg7 14. exf4 b6 15. Kf1 Nc7
16. Be3 cxd5 17. Bd4 Bb7 18. cxd5 Rg6 19. Bh5 Rg7 20. Kg1 Qf8 21. Rh3 h6 22. Rc1
Rc8 23. Rc2 d6 24. Be2 Rg6 25. Qc1 Nce8 26. Nd1 Rxc2 27. Qxc2 Bxd5 28. Ra3 Qf7
29. Ne3 Be6 30. Bb5 d5 31. Bxe8 Nxe8 32. Qc6 Bd7 33. Qb7 a5 34. Bxb6 Rc6 35. Rc3
Qe6 36. Bd4 Kf7 37. Be5 Nf6 38. Nxf5 Rxc3 39. Nd6+ Ke7 40. bxc3 Ng4 41. Nc8+ Ke8
42. Nb6 Nxe5 43. fxe5 Bc6 44. Qh7 Kd8 45. Qa7 a4 46. Qb8+ 1-0

[Event "AUTO-MASTER-2110"]
[Site "http://www.queenalice.com/game.php?id=1320546"]
[Date "2014.11.5"]
[Round "2"]
[White "Tromat"]
[Black "Luke2015"]
[Result "1-0"]
[WhiteElo "2507"]
[BlackElo "2485"]

1. e4 g6 2. d4 Bg7 3. Nc3 d6 4. Be2 Nf6 5. h4 c5 6. dxc5 Qa5 7. Bd2 Qxc5 8. h5
gxh5 9. Nh3 Bg4 10. Nf4 Nc6 11. Nxh5 Bxh5 12. Bxh5 Rd8 13. Rh3 Qe5 14. f4 Qe6
15. Bf3 Nxe4 16. Nxe4 f5 17. Qe2 Nd4 18. Ng5 Nxc2+ 19. Kf2 Qxe2+ 20. Bxe2 Nxa1
21. Bb5+ Kf8 22. Ne6+ Kf7 23. Nxg7 Kxg7 24. Bc3+ e5 25. fxe5 d5 26. Bd3 d4 27.
Bb4 Rde8 28. Bd6 Rc8 29. Be7 Rhe8 30. Bf6+ Kg8 31. Bxf5 Rc7 32. e6 b5 33. g4 Nc2
34. e7 Rexe7 35. Bxe7 Rxe7 36. Bxc2 b4 37. Rxh7 Rxh7 38. Bxh7+ Kxh7 39. Ke2 Kg6
40. Kd3 Kg5 41. Kxd4 Kxg4 42. Kc4 b3 43. Kxb3 Kg5 44. Kc4 Kg6 45. Kb5 Kf5 46.
Ka6 Ke6 47. Kxa7 Kd5 48. Kb6 Kc4 49. a4 Kd3 50. a5 Ke3 51. a6 1-0